[Event "Mumbai Wealth rating op 4th"]
[Site "Mumbai"]
[Date "2019.01.05"]
[Round "7"]
[White "Unni, CS."]
[Black "Nehete, Arnav"]
[Result "1/2-1/2"]
[WhiteElo "1827"]
[BlackElo "1544"]
[PlyCount "191"]
[EventDate "2018.12.30"]
[EventType "swiss"]
[EventRounds "9"]
[EventCountry "IND"]
[SourceTitle "CBM 188 Extra"]
[Source "ChessBase"]
[SourceDate "2019.02.26"]
[SourceVersion "1"]
[SourceVersionDate "2019.02.26"]
[SourceQuality "1"]

1. d4 Nf6 2. c4 e6 3. Nf3 d5 4. g3 Be7 5. Bg2 0-0 6. 0-0 Nbd7 7. b3 c6 8. Bb2 b6 9. Ne5 Bb7 10. Nc3 c5 11. e3 Rc8 12. Re1 a6 13. Rc1 cxd4 14. exd4 Nb8 15. a3 Nc6 16. cxd5 exd5 17. b4 b5 18. Qd3 Bd6 19. Rcd1 Ne7 20. h3 Re8 21. g4 Ng6 22. Qg3 Rc7 23. f4 Rce7 24. Qf2 Qb6 25. Kf1 a5 26. Na2 axb4 27. Nxb4 Qa5 28. g5 Nh5 29. Nxd5 Bxd5 30. Bxd5 Nhxf4 31. Bc6 Rc8 32. d5 Nxh3 33. Qf5 Rf8 34. Nd7 Rfe8 35. Rxe7 Nxe7 36. Qxh3 b4 37. Nf6+ gxf6 38. gxf6 Qa6+ 39. Kg1 Qe2 40. Qg2+ Qxg2+ 41. Kxg2 Nxc6 42. dxc6 bxa3 43. Bxa3 Be5 44. Be7 Rc8 45. Kf3 h6 46. Ke4 Bxf6 47. Bxf6 Rxc6 48. Kf5 Rc5+ 49. Be5 Kf8 50. Rd6 h5 51. Rh6 Ke7 52. Rxh5 Ra5 53. Rh6 Rb5 54. Rc6 Rb7 55. Ra6 Rb5 56. Ke4 Rb4+ 57. Kd5 Rb5+ 58. Kd4 Rb1 59. Bf6+ Kd7 60. Kc5 Rc1+ 61. Kd5 Rd1+ 62. Bd4 Rc1 63. Rf6 Ke7 64. Rf3 Rd1 65. Ra3 Kd7 66. Ra7+ Ke8 67. Kc5 Rh1 68. Bf6 Rc1+ 69. Kd5 Rd1+ 70. Bd4 Rh1 71. Bc5 Rd1+ 72. Kc6 Rd8 73. Bd6 Rc8+ 74. Kd5 Rd8 75. Ke5 Rd7 76. Ra3 Rb7 77. Rf3 Rb5+ 78. Kd4 Kd7 79. Bc5 Ke6 80. Re3+ Kf6 81. Be7+ Kf5 82. Bc5 Rb8 83. Bd6 Rb5 84. Re7 Kf6 85. Re8 Rb1 86. Be5+ Kf5 87. Bd6 Rd1+ 88. Kc5 Rc1+ 89. Kd5 Rd1+ 90. Kc6 Rc1+ 91. Kd7 Kg6 92. Rg8+ Kf6 93. Be7+ Ke5 94. Bd6+ Kf6 95. Rg2 Rd1 96. Rg4 1/2-1/2

[Event "Oz.com qual blitz"]
[Site "ICC INT"]
[Date "2000.03.05"]
[Round "3"]
[White "Solozhenkin, Evgeniy"]
[Black "Unni, CS."]
[Result "1-0"]
[WhiteElo "2528"]
[BlackElo "2205"]
[PlyCount "109"]
[EventDate "2000.03.05"]
[EventType "swiss (blitz)"]
[EventRounds "9"]
[EventCountry "USA"]
[SourceTitle "EXT 2001"]
[Source "ChessBase"]
[SourceDate "2000.11.22"]
[SourceVersion "1"]
[SourceVersionDate "2000.11.22"]
[SourceQuality "1"]

1. d4 d5 2. c4 e6 3. Nf3 c6 4. Nc3 f5 5. Bg5 Be7 6. Bxe7 Qxe7 7. e3 Nf6 8. Bd3 0-0 9. 0-0 Ne4 10. Rc1 Nd7 11. Qc2 Ndf6 12. Ne5 Bd7 13. f3 Nxc3 14. Qxc3 g6 15. b4 a6 16. a4 Rfc8 17. Qb3 Be8 18. Rc2 dxc4 19. Bxc4 Nd5 20. b5 axb5 21. Bxd5 exd5 22. axb5 Ra3 23. Qb2 Rxe3 24. Rfc1 Rd8 25. bxc6 bxc6 26. Rc3 Rxc3 27. Rxc3 Ra8 28. h3 Qa7 29. Qd2 Qb6 30. Kh2 Ra4 31. Rd3 Ra1 32. Qg5 Ra7 33. h4 Qc7 34. h5 Qe7 35. Qf4 Kg7 36. Rb3 Ra8 37. Rb6 Rc8 38. Nd3 Bd7 39. Nc5 g5 40. Qg3 f4 41. Qf2 Qe3 42. Qxe3 fxe3 43. Nxd7 e2 44. Rb1 Re8 45. Re1 Re3 46. Kg3 Re7 47. Nc5 Kf6 48. Kf2 Kf5 49. Rxe2 Rxe2+ 50. Kxe2 g4 51. Kf2 gxf3 52. Kxf3 h6 53. g4+ Kg5 54. Kg3 Kf6 55. Kf4 1-0

[Event "Oz.com qual blitz"]
[Site "ICC INT"]
[Date "2000.03.05"]
[Round "8"]
[White "Unni, CS."]
[Black "Konings, Frans"]
[Result "0-1"]
[WhiteElo "2205"]
[BlackElo "2183"]
[PlyCount "80"]
[EventDate "2000.03.05"]
[EventType "swiss (blitz)"]
[EventRounds "9"]
[EventCountry "USA"]
[SourceTitle "EXT 2001"]
[Source "ChessBase"]
[SourceDate "2000.11.22"]
[SourceVersion "1"]
[SourceVersionDate "2000.11.22"]
[SourceQuality "1"]

1. e4 d6 2. d4 Nf6 3. Nc3 g6 4. f3 Bg7 5. Be3 c6 6. Qd2 b5 7. a3 Nbd7 8. Bh6 Bxh6 9. Qxh6 Rg8 10. Qd2 Qb6 11. Nge2 e5 12. d5 c5 13. Nc1 a6 14. b4 Bb7 15. Nb3 Kf8 16. Be2 Kg7 17. h4 Rac8 18. g4 h5 19. g5 Ne8 20. Bf1 Qc7 21. Bh3 cxb4 22. axb4 Qxc3 23. Qxc3 Rxc3 24. Bxd7 Rxf3 25. Na5 Ba8 26. Nc6 Bxc6 27. Bxc6 Nc7 28. Bb7 Rf4 29. Kd2 Rxe4 30. Bxa6 Nxa6 31. Rxa6 Rd4+ 32. Ke3 Rxd5 33. Rc6 Rd4 34. c3 Rg4 35. Rxd6 Rc8 36. Rd3 e4 37. Rd5 Rxc3+ 38. Kd2 Ra3 39. Rxb5 Rg2+ 40. Kc1 Ra1# 0-1

[Event "Naleczow (Women) "]
[Site "Naleczow"]
[Date "1987.??.??"]
[Round "4"]
[White "Sikora Gizynska, Bozena"]
[Black "Unni, CS."]
[Result "1/2-1/2"]
[WhiteElo "2265"]
[BlackElo "2105"]
[PlyCount "58"]
[EventDate "1987.07.??"]
[EventType "tourn"]
[EventRounds "11"]
[EventCountry "POL"]
[SourceTitle "EXT 2001"]
[Source "ChessBase"]
[SourceDate "2000.11.22"]
[SourceVersion "1"]
[SourceVersionDate "2000.11.22"]
[SourceQuality "1"]

1. e4 e5 2. Nf3 Nc6 3. Bb5 Bc5 4. 0-0 Nd4 5. Nxd4 Bxd4 6. c3 Bb6 7. d4 c6 8. Bc4 d6 9. dxe5 dxe5 10. Qxd8+ Bxd8 11. Be3 Nf6 12. f3 Bb6 13. Bxb6 axb6 14. Rd1 Ke7 15. Nd2 Rd8 16. Nf1 Be6 17. Bxe6 Kxe6 18. a3 Ne8 19. Ne3 Nd6 20. Kf2 Rd7 21. Nf5 g6 22. Rxd6+ Rxd6 23. Nxd6 Kxd6 24. Rd1+ Ke7 25. Ke3 Rc8 26. c4 Rd8 27. Rxd8 Kxd8 28. h4 Kd7 29. b4 Kd6 1/2-1/2

[Event "Naleczow (Women) "]
[Site "Naleczow"]
[Date "1987.??.??"]
[Round "7"]
[White "Unni, CS."]
[Black "Nowik, Urszula"]
[Result "1/2-1/2"]
[WhiteElo "2105"]
[BlackElo "2040"]
[PlyCount "124"]
[EventDate "1987.07.??"]
[EventType "tourn"]
[EventRounds "11"]
[EventCountry "POL"]
[SourceTitle "EXT 2001"]
[Source "ChessBase"]
[SourceDate "2000.11.22"]
[SourceVersion "1"]
[SourceVersionDate "2000.11.22"]
[SourceQuality "1"]

1. e4 c6 2. Nc3 d5 3. Nf3 Bg4 4. h3 Bh5 5. exd5 cxd5 6. Bb5+ Nc6 7. g4 Bg6 8. Ne5 Rc8 9. d4 e6 10. Qe2 Bd6 11. Nxg6 hxg6 12. Nxd5 Kf8 13. Nc3 Nxd4 14. Qd3 Bb4 15. a3 Bxc3+ 16. bxc3 Nxc2+ 17. Qxc2 Qd5 18. Rg1 Qxb5 19. Rg3 Ne7 20. a4 Qd5 21. Qd3 Qxd3 22. Rxd3 Ke8 23. Rb1 b6 24. a5 Nd5 25. axb6 axb6 26. Bd2 Rc4 27. Ra1 Ke7 28. Ra7+ Rc7 29. Rxc7+ Nxc7 30. c4 Rd8 31. Rb3 Rd4 32. Rxb6 Rxc4 33. Rb8 e5 34. Rc8 Re4+ 35. Kf1 Ne6 36. Ra8 g5 37. f3 Rc4 38. Ra7+ Kf6 39. Ra6 Kg6 40. Ra5 f6 41. Be3 Rc2 42. Ra6 Nd4 43. Bxd4 exd4 44. Rd6 Rc4 45. Rd7 Kh7 46. Ke2 Kg8 47. Kd3 Rc3+ 48. Ke2 Rc2+ 49. Ke1 Rc4 50. Ke2 Kf8 51. Kd3 Rc3+ 52. Ke2 Rc2+ 53. Ke1 Rc4 54. Ke2 Rc2+ 55. Ke1 Rh2 56. Rxd4 Rxh3 57. Ke2 Rh2+ 58. Ke3 Ke7 59. Ra4 Kf7 60. Ra7+ Kg6 61. Rb7 Ra2 62. Rc7 Ra5 1/2-1/2